01835cam a2200409 i 45000010006000000050017000060080041000230350023000640400022000870200015001090200018001240350020001420410013001620430012001750820011001871000034001982450088002322460067003202460083003872600055004703000043005255000124005685000178006925000034008705000031009045040029009356000049009646500027010136500037010406500042010776500062011196500074011816000041012556500044012966500044013407000041013843724820230411085955.0070328b2008 uy a 000 0 spa  a(OCoLC)ocm61437536 aBNCHLbspacBNCHL a9974578434 a9789974578432 a(OCoLC)614375361 aspahger ae-fr---00a320.111 aRadbruch, Gustav,d1878-1949.10aCaricatvras de la jvsticia :blitografías de Honoré Daumier /cGustav Radbruch.3 aCaricaturas de la justicia : litografías de Honoré Daumier0 iTítulo original:aKarikaturen der justiz. Lithographien von Honoré Daumier aMontevideo ;aBuenos Aires :bEdit. B de F,c2008. a159 p. :bprincipalmente il. ;c23 cm. aCon un Prólogo sobre las obras históricoliterarias e historicoartísticas de Gustav Radbruch por: Hermann Klenner. aTraducción directa del alemán por el Dr. José Luis Guzmán Dalbora, Catedrático de Derecho Penal y Filosofía del Derecho en la Universidad de Antofagasta (Chile). aJulio César Faira (editor). aLetra inicial ornamentada. aBibliografâia: p. 159.14aDaumier, Honoré, 1808-1879xLitografías. 4aJusticiaxCaricaturas. 4aJusticiaxChistes, satiras, etc. 4aFilosofía del derechoxCaricaturas. 7aAbogadoszFranciavCaricaturas y dibujos animados.2renib 7aAdministraciâon de justiciavCaricaturas y dibujos animados.2renib17aRadbruch, Gustav,d1878-1949.2renib 7aArtistaszFranciavBiografías.2renib 7aAbogadoszFranciavBiografías.2renib1 aGuzmâan Dalbora, Josâe Luisetr.